Normal view
MARC view
- Nabeel Amjad
Entry Personal Name
001 - CONTROL NUMBER
- control field: 72825
003 - CONTROL NUMBER IDENTIFIER
- control field: NUST
005 - DATE AND TIME OF LATEST TRANSACTION
- control field: 20210628204922.0
008 - FIXED-LENGTH DATA ELEMENTS
- fixed length control field: 210628|| aca||aabn | a|a d
040 ## - CATALOGING SOURCE
- Original cataloging agency: NUST
- Transcribing agency: NUST
100 ## - HEADING--PERSONAL NAME
- Personal name: Nabeel Amjad
670 ## - SOURCE DATA FOUND
- Source citation: Work cat.: (NUST): Nabeel Amjad , TH-SOF-0785-Aligning Technology Strategy with Business Strategy CASE STUDY ON PTCL, 2001
